Normal view
MARC view
- Readers
Entry Topical Term
001 - CONTROL NUMBER
- control field: 36741
003 - CONTROL NUMBER IDENTIFIER
- control field: OSt
005 - DATE AND TIME OF LATEST TRANSACTION
- control field: 20141201155623.0
008 - FIXED-LENGTH DATA ELEMENTS
- fixed length control field: 141201|| aca||babn | a|a d
040 ## - CATALOGING SOURCE
- Original cataloging agency: OSt
150 ## - HEADING--TOPICAL TERM
- Topical term or geographic name as entry element: Readers
- General subdivision: Multiculturalism